Statistiques concernant Nommez ce personnage historique n°1

Cliquez ici pour prendre le quiz!

Statistiques générales

  • Ce quiz a été pris 8,672 fois
  • Le résultat moyen est 9 sur 20

Statistiques - réponses

Answer % Correct
Roi Louis XIV
92%
Vincent Van Gogh
82%
Che Guevara
82%
Mère Teresa
78%
Vladimir Ilitch Lénine
68%
Alfred Hitchcock
59%
Al Capone
51%
Reine Élisabeth I
50%
Sigmund Freud
42%
Roi Henri VIII
41%
Napoléon III
39%
Jean-Jacques Rousseau
35%
Honoré de Balzac
33%
William Shakespeare
30%
Empereur Hirohito
30%
Gengis Khan
27%
Ferdinand Foch
25%
Edgar Allan Poe
23%
Thomas Edison
17%
Amelia Earhart
11%

Distribution des résultats

Percentile par nombre de réponses

% des personnes avec chaque résultat

Votre développement - résultats

Vous n’avez pas pris ce quiz